Эстетический портрет молодежи (социально-эстетические черты рабочей молодежи)

Detalles Bibliográficos
Autor principal: Василеску Г. Я. Григорий Яковлевич
Autor Corporativo: Академия наук Молдавской ССР (АН МССР) Отдел философии и права
Otros Autores: Киященко Н. И. (редактор)
Sumario:Исключено из фонда НТБ ТПУ
Lenguaje:ruso
Publicado: Кишинев, Штиинца, 1988
Formato: MixedMaterials Libro
KOHA link:https://koha.lib.tpu.ru/cgi-bin/koha/opac-detail.pl?biblionumber=262473

MARC

LEADER 00000nam0a2200000 4500
001 262473
005 20231031222034.0
010 |a 5376004333 
035 |a (RuTPU)RU\TPU\book\285456 
090 |a 262473 
100 |a 20140602d1988 k y0rusy50 ca 
101 0 |a rus 
102 |a MD 
105 |a y z 001zy 
200 1 |a Эстетический портрет молодежи (социально-эстетические черты рабочей молодежи)  |f Г. Я. Василеску  |g Академия наук Молдавской ССР, Отдел философии и права ; под ред. Н. И. Киященко 
210 |a Кишинев  |c Штиинца  |d 1988 
215 |a 168 с. 
333 |a Исключено из фонда НТБ ТПУ 
700 1 |a Василеску  |b Г. Я.  |g Григорий Яковлевич 
702 1 |a Киященко  |b Н. И.  |4 340 
712 0 2 |a Академия наук Молдавской ССР (АН МССР)  |b Отдел философии и права 
801 1 |a RU  |b 63413507  |c 20140602 
801 2 |a RU  |b 63413507  |c 20220314  |g RCR 
942 |c BK